Waiting to connect (Record no. 92047)

MARC details
000 -LEADER
fixed length control field 01014nam a2200253Ia 4500
008 - FIXED-LENGTH DATA ELEMENTS--GENERAL INFORMATION
fixed length control field 191130s2008##################000#0#eng##
020 ## - INTERNATIONAL STANDARD BOOK NUMBER
ISBN 9788180381720
082 ## - DEWEY DECIMAL CLASSIFICATION NUMBER
Classification number 338.634 GAN
100 ## - MAIN ENTRY--AUTHOR NAME
Personal name Gangopadhyay, Shubhashish
245 ## - TITLE STATEMENT
Title Waiting to connect
Statement of responsibility, etc Shubhashis Gangopadhyay, Manisha Singh, Nirvikar Singh ; [forword by Ratan Tata]
260 ## - PUBLICATION, DISTRIBUTION, ETC. (IMPRINT)
Place of publication New Delhi
Name of publisher LexisNexis Butterworths India
Year of publication 2008
300 ## - PHYSICAL DESCRIPTION
Number of Pages xxiii, 185 p. : col. ill. ; 24 cm
500 ## - GENERAL NOTE
General note Subtitle on cover: Indian IT revolution bypassess the domestic industry. Includes statistical tables. Includes bibliographical references (p. [145]-156) and index
650 ## - SUBJECT ADDED ENTRY--TOPICAL TERM
Topical Term Economics
Topical Term Manufacturing industries - Information technology - India
Topical Term Manufacturing industries - Information technology - India - Statistics
700 ## - ADDED ENTRY--PERSONAL NAME
Personal name Singh, Manisha
Personal name Singh, Nirvikar
991 ## -
-- 220382
Holdings
Withdrawn status Lost status Damaged status Not for loan Home library Current library Shelving location Date acquired Full call number Accession Number Price effective from Koha item type
        Anna Centenary Library Anna Centenary Library 4TH FLOOR, A WING 09.10.2020 338.634 GAN 381370 09.10.2020 English Books

Find us on the map